00873cam a22002057a 4500003000500000005001700005008004100022010001000063011001000073035001000083040000900093100004200102245022600144260004200370300002200412502013300434650002500567650002400592650005100616CHAP20220329141902.0980407d1985 mx r 00110 spa d a75284 a76256 a85835 cCHAP00aAstaburuaga Pazzi, Fernando Martín.10aEnsayo de rendimiento de 10 líneas de frijol (Phaseolus vulgaris) flor de mayo con resistencia a la roya (Uromyces phaseoli Var. typica Arth.) y precoces en el sur de Tamaulipasc/por Fernando Martín Astaburuaga Pazzi aQuerétaro, Qro. :bEl autor,c1985. a51 h. :bgráfs. aTesis (Ing. Agr. en Producción) -- ITESM. Unidad Querétaro. Escuela de Agricultura y Ganadería. Departamento de Fitotecnia14aFrijolxRendimiento.14aFrijolxTamaulipas.14aFrijolxVariedades resistentes a enfermedades.